| 000 -LEADER |
| fixed length control field |
01486pab a2200205 454500 |
| 008 - FIXED-LENGTH DATA ELEMENTS--GENERAL INFORMATION |
| fixed length control field |
180718b2013 xxu||||| |||| 00| 0 eng d |
| 100 ## - MAIN ENTRY--PERSONAL NAME |
| Personal name |
Coceia, Mario |
| 245 ## - TITLE STATEMENT |
| Title |
Human resource management and organizational behaviour of public research institutions |
| 260 ## - PUBLICATION, DISTRIBUTION, ETC. |
| Date of publication, distribution, etc. |
2013 |
| 300 ## - PHYSICAL DESCRIPTION |
| Extent |
p.256-268. |
| 362 ## - DATES OF PUBLICATION AND/OR SEQUENTIAL DESIGNATION |
| Dates of publication and/or sequential designation |
Mar |
| 520 ## - SUMMARY, ETC. |
| Summary, etc. |
The purpose of this article is to analyze the organizational behavior of public research organizations based on their human resources development and management. The study here focuses on the largest Italian public research body. The pyramid of R&D people shows the irregular spatial structure of the research personnel per macro regions and the index of seniority indicates older research personnel in the North and Central Part of Italy than in the South Italy. The analysis of human resources displays organizational weaknesses and threats for public research labs generated by research policy based on shrinking public research lab budgets and downsizing of research personnel. Some critical human resource management implications are discussed in order to improve the strategic change and research performances of public research institutions in turbulent and fast-changing markets. - Reproduced. |
| 650 ## - SUBJECT ADDED ENTRY--TOPICAL TERM |
| Topical term or geographic name entry element |
Scientific organizations |
| 650 ## - SUBJECT ADDED ENTRY--TOPICAL TERM |
| Topical term or geographic name entry element |
Organizational behaviour |
| 650 ## - SUBJECT ADDED ENTRY--TOPICAL TERM |
| Topical term or geographic name entry element |
Human resources development |
| 700 ## - ADDED ENTRY--PERSONAL NAME |
| Personal name |
Rolfo, Secondo |
| 773 ## - HOST ITEM ENTRY |
| Main entry heading |
International Journal of Public Administration |
| 908 ## - PUT COMMAND PARAMETER (RLIN) |
| Put command parameter |
N |
| 909 ## - |
| -- |
99450 |